Caisses régionales de Crédit agricole - Cliquez sur la carte - Statistiques

Statistiques générales
  • Ce quiz a été pris 44 fois
  • Le résultat moyen est 28 sur 39
Réponses sur la Carte
Les réponses sont colorées sur une échelle allant du rouge au vert en fonction du pourcentage des utilisateurs qui les ont devinées à leur premier essai. Vous pouvez retrouver ces pourcentages ci-dessous.
 
Statistiques - réponses
Réponse % Correct
Île-de-France
87%
Martinique et Guyane
87%
Nord de France
87%
Savoie
87%
Corse
83%
La Réunion
83%
Normandie
83%
Aquitaine
80%
Guadeloupe
80%
Lorraine
80%
Alsace Vosges
77%
Atlantique Vendée
77%
Centre France
77%
Pyrénées Gascogne
77%
Champagne-Bourgogne
73%
Charente-Périgord
73%
Finistère
73%
Languedoc
73%
Nord Est
73%
Normandie-Seine
73%
Provence Côte d'Azur
73%
Sud Rhône Alpes
73%
Anjou et Maine
70%
Brie Picardie
70%
Côtes d'Armor
70%
Ille-et-Vilaine
70%
Morbihan
70%
Toulouse 31
70%
Alpes Provence
67%
Touraine et Poitou
67%
Charente-Maritime Deux-Sèvres
63%
Franche-Comté
63%
Nord Midi-Pyrénées
63%
Loire Haute-Loire
60%
Val de France
60%
Centre-est
57%
Centre Loire
57%
Centre Ouest
53%
Sud Méditerranée
47%
Aucun quiz correspondant
Distribution des résultats
% des personnes avec chaque résultat
Percentile par nombre de réponses
Votre historique - résultats
Vous n’avez pas pris ce quiz